000 00310nam a22001217a 4500
040 _cSY
082 _a940
100 _aNA
245 _aក្របខ័ណ្ឌជំនួយអភិវឌ្ឍន៍សហប្រជាជាតិ
260 _aUnited nation
_bNA
_c2010
300 _a69p.
942 _cKB
999 _c9827
_d9827